| 000 | 00461pab a2200181 454500 | ||
|---|---|---|---|
| 008 | 180718b2015 xxu||||| |||| 00| 0 eng d | ||
| 100 | _aDe, L. Le | ||
| 245 | _aPoverty and disasters: do remittances reproduce vulnerability? | ||
| 260 | _c2015 | ||
| 300 | _ap.538-553. | ||
| 362 | _aMay | ||
| 650 | _aDisasters | ||
| 650 | _aPoverty | ||
| 700 | _aFriesen, W. | ||
| 700 | _aGaillard, J.C. | ||
| 773 | _aJournal of Development Studies | ||
| 909 | _a108932 | ||
| 999 |
_c108927 _d108927 |
||